Metadata fundamentals for all librarians
Metadata, or "data about data, " is used to organize and access information in an effective way. From cataloging to organizing archives, metadata helps frontline librarians provide customers with a direct path to information.
Guardado en:
| Autor principal: | |
|---|---|
| Formato: | Libro |
| Lenguaje: | Undetermined |
| Publicado: |
Chicago
American Library Association
2003
|
| Materias: | |
| Etiquetas: |
Agregar Etiqueta
Sin Etiquetas, Sea el primero en etiquetar este registro!
|
| Thư viện lưu trữ: | Trung tâm Học liệu Trường Đại học Cần Thơ |
|---|
| LEADER | 00759nam a2200193Ia 4500 | ||
|---|---|---|---|
| 001 | CTU_127044 | ||
| 008 | 210402s9999 xx 000 0 und d | ||
| 082 | |a 025.3 | ||
| 082 | |b C236 | ||
| 100 | |a Caplan, Priscilla | ||
| 245 | 0 | |a Metadata fundamentals for all librarians | |
| 245 | 0 | |c Priscilla Caplan | |
| 260 | |a Chicago | ||
| 260 | |b American Library Association | ||
| 260 | |c 2003 | ||
| 520 | |a Metadata, or "data about data, " is used to organize and access information in an effective way. From cataloging to organizing archives, metadata helps frontline librarians provide customers with a direct path to information. | ||
| 650 | |a Metadata,Information organization | ||
| 904 | |i Nguyên | ||
| 980 | |a Trung tâm Học liệu Trường Đại học Cần Thơ | ||